000 00843cam a2200181 a 4500
001 000002404
005 20200929150207.0
008 800312s1977 ch 001 0 spa
040 _aDO-SdBNP
_bspa
_cBNPHU
082 _a951.057
_bC456a
100 1 _aChang, Chi-peng
_97629
245 1 0 _aAsuntos de los comunistas chinos en 1976 /
_cpor Chang Chi-peng.
260 _aTaipei, China :
_bLiga Mundial Anticomunista, Capítulo Chino, Liga Anticomunista de los Pueblos Asiáticos, República de China,
_c1977.
300 _a188 p. ;
_c19 cm.
500 _aTítulo tomado de la cubierta del libro
500 _a"Los resultados de los estudios de los expertos locales en asuntos de los comunistas chinos, Chang Chi-peng, Wang Hsiao-tang, Hsiang Chuan-shu, Lin Chen, Li Feng-min y Chiang Tao."
651 0 _aChina
_xPolítica Y Gobierno
_y1976-2002.
_97630
999 _c2241
_d2241